| 000 | 00660nam a2200229 a 4500 | ||
|---|---|---|---|
| 008 | |||
| 020 | _a0333473825 (hbk.) | ||
| 049 | _aMAIN | ||
| 090 |
_aHF5438 _bDON |
||
| 100 | 1 | _aDonaldson, Bill. | |
| 245 | 1 | 0 |
_aSales management : _btheory and practice / _cBill Donaldson. |
| 260 |
_aLondon : _bMacmillan, _cc1990. |
||
| 300 |
_axiii, 302 p. : _bill. ; _c24 cm. |
||
| 504 | _aIncludes bibliographical references. | ||
| 500 | _aIncludes index. | ||
| 650 | 0 | _aSales management. | |
| 907 |
_a.b10281228 _b02-12-11 _c25-08-10 |
||
| 003 | |||
| 005 | 20230123125038.0 | ||
| 040 | _cNUST | ||
| 942 |
_cBOOKS _kHF5438 _mDON |
||
| 999 |
_c134737 _d134737 |
||